Prezydenci Polski - Nagła Śmierć - Statystyki

Ogólne statystyki
  • Ten quiz został rozwiązany 591 razy
  • Średni wynik to 6 z 16
Answers on the Grid
Answers color-coded by a green-red scale on the quiz's grid according to % correct below.
Gabriel Narutowicz
Ludwik Waryński
Wincenty Witos
Ignacy Mościcki
Józef Piłsudski
Stanisław Wojciechowski
Władysław Sikorski
Bolesław Bierut
August Zaleski
Józef Cyrankiewicz
Stanisław Cat-Mackiewicz
Edward Ochab
Władysław Rackiewicz
Władysław Gomułka
Kazimierz Sabbat
Edward Raczyński
Henryk Jabłoński
Stanisław Ostrowski
Aleksander Zawadzki
Ryszard Kaczorowski
Wojciech Jaruzelski
Tadeusz Mazowiecki
Stanisław Tymiński
Józef Oleksy
Lech Wałęsa
Jerzy Buzek
Leszek Miller
Lech Kaczyński
Donald Tusk
Józef Zych
Aleksander Kwaśniewski
Kazimierz Marcinkiewicz
Andrzej Lepper
Bronisław Komorowski
Jarosław Kaczyński
Andrzej Duda
Sławomir Mentzen
 
Statystyki odpowiedzi
Odpowiedź % Poprawnych
Gabriel Narutowicz
86%
Andrzej Duda
64%
Bronisław Komorowski
61%
Lech Wałęsa
61%
Lech Kaczyński
59%
Aleksander Kwaśniewski
56%
Ignacy Mościcki
53%
Wojciech Jaruzelski
48%
Bolesław Bierut
40%
Stanisław Wojciechowski
36%
Ryszard Kaczorowski
25%
Władysław Rackiewicz
15%
August Zaleski
11%
Edward Raczyński
10%
Kazimierz Sabbat
8%
Stanisław Ostrowski
7%
Nie znaleziono quizów pasujących do podanych kryteriów
Rozkład punktacji
Procent ludzi z każdym wynikiem
Percentyl według liczby udzielonych odpowiedzi
Twoja historia wyników
Nie rozwiązałeś tego quizu